Zápisnica zo zasadnutia Výboru pracovnej skupiny neinvazívnej kardiológie zo dňa 17. júna 1993

Bibliographic Details
Format: Article
Language:Slovak
ISSN:1210-0048
Subjects:

MARC

LEADER 00000nab a2200000 a 4500
001 vtls000499993
003 SK-MaSNL
005 20260304030344.0
008 250310c1993 xo 0 slo
015 |a SNBRB19rr/mm-uuuuu 
035 |a CL0500131 
035 |a urn:nbn:sk:snk-ab6t4a 
035 |a (uuid)0aee3ffd-1ae1-4fa5-a7e2-4854b0aad64a 
035 |a (urnnbn)urn:nbn:sk:snk:ar-a05pj6 
035 |a (sysno)vtls000499993 
040 |a SNKBUCL  |b slo  |c SNKBUCL  |e AACR2 
041 0 |a slo 
044 |a xo  |c SK 
080 |a 616.1:061.22(437.6):061.3  |2 1981 
245 0 0 |a Zápisnica zo zasadnutia Výboru pracovnej skupiny neinvazívnej kardiológie zo dňa 17. júna 1993  |c zapísal G. Kamenský 
610 2 7 |a Slovenská kardiologická spoločnosť.  |b Výbor  |x zasadanie  |y 17.6.1993  |2 snkbucl  |9 1308547 
655 7 |a články z novín a časopisov  |2 snkbucl  |9 267496 
773 0 |t Neinvazívna kardiológia  |g Roč. 2, č. 3 (1993), s. 208  |x 1210-0048 
850 |a Slovenská národná knižnica v Martine  |a MTA001 
852 |a SNK  |b KIS3GCP 
958 |a OND 
958 |a RK 
958 |a ME 
958 |a article27 
992 |a RBX 
999 |c 2633721  |d 2635651